| 000 -LEADER |
| fixed length control field |
00390nam a22001337a 4500 |
| 020 ## - INTERNATIONAL STANDARD BOOK NUMBER |
| International Standard Book Number |
9789350026311 |
| 082 ## - DEWEY DECIMAL CLASSIFICATION NUMBER |
| Classification number |
Zx54 M969a |
| 245 ## - TITLE STATEMENT |
| Title |
Agrarian question: |
| Remainder of title |
a short reader |
| Statement of responsibility, etc |
edited by R.V. Ramana Murthy |
| 260 ## - PUBLICATION, DISTRIBUTION, ETC. (IMPRINT) |
| Place of publication, distribution, etc |
Delhi |
| Name of publisher, distributor, etc |
Aakar Books |
| Date of publication, distribution, etc |
2020 |
| 300 ## - PHYSICAL DESCRIPTION |
| Extent |
196p. |
| 650 ## - SUBJECT ADDED ENTRY--TOPICAL TERM |
| Topical term or geographic name as entry element |
Agriculture -- India |
| 9 (RLIN) |
16217 |
| 650 ## - SUBJECT ADDED ENTRY--TOPICAL TERM |
| Topical term or geographic name as entry element |
Farmers -- India |
| 9 (RLIN) |
16218 |
| 700 ## - ADDED ENTRY--PERSONAL NAME |
| Personal name |
Murthy, R.V. Ramana, ed. |
| 9 (RLIN) |
16008 |